000 00628nam a2200241Ia 4500
003 OSt
005 20220918220647.0
006 a|||||r|||| 00| 0
007 ta
008 220917b |||||||| |||| 00| 0 eng d
024 _a146,686
037 _cTextual
040 _aARTS
_cARTS
_beng
041 _2eng
_aeng
082 _aY492.6.N7, L5
100 _aDerrick Jonathan
_9138018
245 0 _aAfrica's slaves today
260 _aLondon
_bGeorge Allen and Unwin
_c1975
300 _a245p
_ccm.
650 _aSOCIOLOGY
942 _hY492.6.N7, L5
_cTEXL
_2CC
999 _c269442
_d269442